| 000 | 00407cam a2200157ua 4500 | ||
|---|---|---|---|
| 041 |
_aeng _h |
||
| 082 |
_a924.23 _bBAT/AC |
||
| 100 | _aBate, Walter Jackson . | ||
| 245 |
_aAchievement of Samuel Johnson / _cWalter Jackson Bate. _hTextual Documents |
||
| 250 |
_a / _b. |
||
| 260 |
_aNew York : _bOxford University Press , _c1961. |
||
| 300 | _a248 ; . | ||
| 504 | _a | ||
| 942 | _cBK | ||
| 999 |
_c418 _d418 |
||